Samoloty które posiada LOT - Statystyki

Ogólne statystyki
  • Ten quiz został rozwiązany 333 razy
    275 od ostatniego zresetowania
  • Średni wynik to 5 z 8
Statystyki odpowiedzi
liczba Samolot % Poprawnych
6 Boeing 737-8
81%
8 Boeing 787-800
71%
15 Embraer 175
70%
8 Embraer 190
69%
5 Embraer 170
67%
16 Embraer 195
66%
7 Boeing 787-900
48%
18 Boeing 737-800 max
15%
Nie znaleziono quizów pasujących do podanych kryteriów
Rozkład punktacji
Procent ludzi z każdym wynikiem
Percentyl według liczby udzielonych odpowiedzi
Twoja historia wyników
Nie rozwiązałeś tego quizu od ostatniego zresetowania